[Event "Hradec Kralove Region-chT 2223"]
[Site "Czech Republic"]
[Date "2023.04.02"]
[Round "11.3"]
[White "Stanek, Petr"]
[Black "Chmelar, Vitezslav"]
[Result "1/2-1/2"]
[WhiteElo "1890"]
[BlackElo "1858"]
[PlyCount "59"]
[EventDate "2022.10.09"]
[EventType "team-tourn"]
[EventRounds "11"]
[EventCountry "CZE"]
[SourceTitle "EXT 2024"]
[Source "ChessBase"]
[SourceDate "2023.10.10"]
[SourceVersion "1"]
[SourceVersionDate "2023.10.10"]
[SourceQuality "1"]

1. e4 d6 2. d4 Nf6 3. Nc3 g6 4. f3 Bg7 5. Be3 0-0 6. Qd2 b6 7. Bc4 Bb7 8. h4 c5 9. Nge2 Nc6 10. 0-0-0 Rc8 11. dxc5 Ne5 12. Bd3 bxc5 13. Ng3 Qa5 14. h5 Nxd3+ 15. Qxd3 Ba6 16. Qd2 Nd7 17. hxg6 fxg6 18. Bh6 Bxc3 19. Qxc3 Qxc3 20. bxc3 Rfe8 21. Bg5 Ne5 22. Nf1 Bc4 23. Kd2 Rb8 24. a3 Nf7 25. Ne3 Nxg5 26. Nxc4 Ne6 27. Ke3 Rf8 28. g3 Nc7 29. a4 Rfd8 30. Rh2 1/2-1/2

[Event "Hradec Kralove Region-chT 2223"]
[Site "Czech Republic"]
[Date "2022.10.09"]
[Round "1.2"]
[White "Stanek, Petr"]
[Black "Horak, Jan"]
[Result "0-1"]
[WhiteElo "1917"]
[BlackElo "2138"]
[PlyCount "108"]
[EventDate "2022.10.09"]
[EventType "team-tourn"]
[EventRounds "11"]
[EventCountry "CZE"]
[SourceTitle "EXT 2024"]
[Source "ChessBase"]
[SourceDate "2023.10.10"]
[SourceVersion "1"]
[SourceVersionDate "2023.10.10"]
[SourceQuality "1"]

1. e4 c5 2. Be2 Nc6 3. f4 d6 4. Nf3 g6 5. d3 Bg7 6. 0-0 e6 7. Qe1 Nge7 8. Bd1 b5 9. Nbd2 Rb8 10. Kh1 Qc7 11. Qh4 a5 12. Ng5 h6 13. Nh3 d5 14. Nf3 b4 15. Rb1 Ba6 16. Re1 dxe4 17. dxe4 Rd8 18. Nf2 Nd4 19. Be3 Nxf3 20. Bxf3 f5 21. e5 0-0 22. Rbd1 Nd5 23. g4 Bb7 24. Qg3 Kh7 25. Bc1 a4 26. gxf5 gxf5 27. Rg1 Qf7 28. Rg2 Rg8 29. Qh3 Bh8 30. Rdg1 Rxg2 31. Rxg2 Rg8 32. Rxg8 Qxg8 33. Qg3 Bg7 34. Nd3 Bf8 35. Qxg8+ Kxg8 36. Kg2 c4 37. Ne1 Bc5 38. Kg3 Kf7 39. Be2 c3 40. Bb5 Be3 41. bxc3 Bxc1 42. Nd3 Bd2 43. c4 Ne3 44. c5 a3 45. c6 Bc8 46. Ba4 Nd5 47. Bb3 Ke7 48. Bxd5 exd5 49. Nc5 Kd8 50. e6 Be3 51. Nd3 Bxe6 52. Nxb4 Kc7 53. Kf3 Bc5 54. Nd3 Kxc6 0-1

[Event "Pardubice Czech op-B 30th"]
[Site "Pardubice"]
[Date "2019.07.19"]
[Round "1"]
[White "Stanek, Petr"]
[Black "Haase, Pavel"]
[Result "0-1"]
[WhiteElo "1874"]
[BlackElo "2160"]
[PlyCount "62"]
[EventDate "2019.07.19"]
[EventType "swiss"]
[EventRounds "9"]
[EventCountry "CZE"]
[SourceTitle "EXT 2020"]
[Source "ChessBase"]
[SourceDate "2019.10.17"]
[SourceVersion "1"]
[SourceVersionDate "2019.10.17"]
[SourceQuality "1"]

1. Nf3 f5 2. b3 Nf6 3. Bb2 e6 4. c4 Be7 5. g3 0-0 6. Bg2 d6 7. d4 Ne4 8. Nfd2 d5 9. f3 Nf6 10. e4 dxe4 11. fxe4 e5 12. exf5 Bxf5 13. 0-0 Bd3 14. Rf3 Bg6 15. dxe5 Ne4 16. Rxf8+ Bxf8 17. Bf3 Bc5+ 18. Kg2 Nf2 19. Qe2 Bd3 20. Qe1 Nc6 21. Bd5+ Kh8 22. Nf3 Ng4 23. Na3 Ne3+ 24. Kh1 Nxd5 25. e6 Ne3 26. Qc3 Qf8 27. Ng5 Be4+ 28. Kg1 Ng4+ 29. Qd4 Nxd4 30. Nf7+ Kg8 31. Kf1 Nxe6 0-1

[Event "Pardubice Czech op-A 29th"]
[Site "Pardubice"]
[Date "2018.07.22"]
[Round "3"]
[White "Stanek, Petr"]
[Black "Lye, Lik Zang"]
[Result "0-1"]
[WhiteElo "1901"]
[BlackElo "2270"]
[PlyCount "84"]
[EventDate "2018.07.20"]
[EventType "swiss"]
[EventRounds "9"]
[EventCountry "CZE"]
[SourceTitle "CBM 185 Extra"]
[Source "ChessBase"]
[SourceDate "2018.07.29"]
[SourceVersion "1"]
[SourceVersionDate "2018.07.29"]
[SourceQuality "1"]

1. e4 c5 2. Be2 Nc6 3. d3 d6 4. f4 g6 5. Nf3 Bg7 6. 0-0 e5 7. Nc3 Nge7 8. Qe1 0-0 9. Kh1 Rb8 10. Bd1 f6 11. Qg3 b5 12. h4 h5 13. f5 gxf5 14. Bh6 Rf7 15. Nxe5 dxe5 16. Bxh5 Qf8 17. Bxf7+ Kxf7 18. Qxg7+ Qxg7 19. Bxg7 Kxg7 20. g3 Nd4 21. Rf2 Bb7 22. Kh2 b4 23. Na4 Rc8 24. c3 Nb5 25. Re1 Nd6 26. exf5 Nexf5 27. Kh3 Bd5 28. g4 Nh6 29. Ref1 f5 30. gxf5 Nhxf5 31. Rg1+ Kf6 32. h5 Bf7 33. h6 Rh8 34. Nxc5 bxc3 35. bxc3 Bd5 36. Nd7+ Ke6 37. Nf8+ Rxf8 38. Rg6+ Ke7 39. Rg7+ Nxg7 40. Rxf8 Kxf8 41. h7 Nf7 42. h8Q+ Nxh8 0-1

[Event "Klatovy op-A 23rd"]
[Site "Klatovy"]
[Date "2017.07.08"]
[Round "8"]
[White "Stanek, Petr"]
[Black "Stinka, Jakub"]
[Result "0-1"]
[WhiteElo "1888"]
[BlackElo "1991"]
[PlyCount "54"]
[EventDate "2017.07.01"]
[EventType "swiss"]
[EventRounds "9"]
[EventCountry "CZE"]
[SourceTitle "EXT 2018"]
[Source "ChessBase"]
[SourceDate "2017.10.13"]
[SourceVersion "1"]
[SourceVersionDate "2017.10.13"]
[SourceQuality "1"]

1. d4 Nf6 2. c4 d6 3. Nf3 g6 4. Nc3 Bg7 5. e4 0-0 6. Be2 e5 7. d5 a5 8. 0-0 Na6 9. Ne1 Nc5 10. f3 Nfd7 11. Nd3 Nxd3 12. Bxd3 Nc5 13. Be3 f5 14. Kh1 f4 15. Bg1 g5 16. Be2 h5 17. Rb1 Bd7 18. Nb5 Rf6 19. b3 Rg6 20. Re1 g4 21. Bf1 Bf6 22. Re2 Bh4 23. Rd2 Qg5 24. Bxc5 dxc5 25. Nxc7 Bg3 26. h3 gxh3 27. gxh3 Bh2 0-1

[Event "Klatovy op-A 23rd"]
[Site "Klatovy"]
[Date "2017.07.07"]
[Round "7"]
[White "Jelinek, Michal"]
[Black "Stanek, Petr"]
[Result "1-0"]
[WhiteElo "2085"]
[BlackElo "1888"]
[PlyCount "67"]
[EventDate "2017.07.01"]
[EventType "swiss"]
[EventRounds "9"]
[EventCountry "CZE"]
[SourceTitle "EXT 2018"]
[Source "ChessBase"]
[SourceDate "2017.10.13"]
[SourceVersion "1"]
[SourceVersionDate "2017.10.13"]
[SourceQuality "1"]

1. d4 e6 2. c4 d5 3. Nc3 Nf6 4. Nf3 c6 5. e3 Be7 6. Qc2 0-0 7. Bd3 dxc4 8. Bxc4 b5 9. Bd3 a6 10. e4 g6 11. e5 Nd5 12. Nxd5 cxd5 13. h4 Bd7 14. h5 g5 15. Bxh7+ Kh8 16. Bd3 Nc6 17. a3 Rc8 18. Qd2 Rg8 19. Bb1 Na5 20. 0-0 Nc6 21. Qd3 Rg7 22. Be3 Qg8 23. Nh2 f5 24. exf6 Bxf6 25. Ng4 Qd8 26. h6 Rf7 27. f4 gxf4 28. Rxf4 Nxd4 29. Rxf6 Ne2+ 30. Qxe2 Rxf6 31. Bd4 Rc1+ 32. Kh2 e5 33. Qxe5 Bxg4 34. Qxf6+ 1-0

[Event "Vsetin op 41st"]
[Site "Vsetin"]
[Date "2016.07.03"]
[Round "2"]
[White "Stanek, Petr"]
[Black "Karlik, Vladimir"]
[Result "0-1"]
[WhiteElo "1838"]
[BlackElo "2259"]
[PlyCount "72"]
[EventDate "2016.07.02"]
[EventType "swiss"]
[EventRounds "9"]
[EventCountry "CZE"]
[SourceTitle "CBM 173 Extra"]
[Source "ChessBase"]
[SourceDate "2016.08.29"]
[SourceVersion "1"]
[SourceVersionDate "2016.08.29"]
[SourceQuality "1"]

1. e4 g6 2. d4 Bg7 3. Nf3 d6 4. h3 c6 5. Bd3 Nd7 6. 0-0 Ngf6 7. b3 0-0 8. Bb2 Qc7 9. Nbd2 e5 10. dxe5 Nxe5 11. Nxe5 dxe5 12. Nc4 Nh5 13. Be2 Rd8 14. Qe1 Nf4 15. Bg4 h5 16. Bxc8 Raxc8 17. Rd1 b5 18. Nd2 Qe7 19. Qe3 Qg5 20. Qf3 Rc7 21. Nb1 Rcd7 22. Rxd7 Rxd7 23. Kh2 Ne6 24. Bc1 Qe7 25. c3 Qd8 26. Be3 Rd3 27. Qe2 Nf4 28. Qc2 Qd7 29. Nd2 g5 30. Nb1 g4 31. h4 g3+ 32. Kg1 Bh6 33. Bxf4 Bxf4 34. fxg3 Rxg3 35. Rd1 Qg4 36. Rd8+ Kg7 0-1

[Event "Klatovy op"]
[Site "Klatovy"]
[Date "2014.07.01"]
[Round "4"]
[White "Ptacek, Tomas"]
[Black "Stanek, Petr"]
[Result "1-0"]
[WhiteElo "2008"]
[BlackElo "1905"]
[PlyCount "81"]
[EventDate "2014.06.28"]
[EventType "swiss"]
[EventRounds "9"]
[EventCountry "CZE"]
[SourceTitle "CBM 161 Extra"]
[Source "ChessBase"]
[SourceDate "2014.08.29"]
[SourceVersion "1"]
[SourceVersionDate "2014.08.29"]
[SourceQuality "1"]

1. e4 c5 2. Nf3 Nc6 3. Nc3 e5 4. Bc4 Be7 5. d3 Nf6 6. Nd2 d6 7. Nf1 Be6 8. Ne3 0-0 9. 0-0 Ne8 10. a4 Bg5 11. Ncd5 Ne7 12. f4 exf4 13. Nxf4 Bxc4 14. Nxc4 Ng6 15. Qg4 Bxf4 16. Bxf4 Nxf4 17. Rxf4 Qe7 18. Raf1 Rd8 19. Ne3 Kh8 20. Nd5 Qd7 21. Qh5 f6 22. Rh4 g5 23. Rh3 Qg7 24. Rhf3 Rf7 25. Rf5 Kg8 26. h4 h6 27. hxg5 hxg5 28. Qf3 Rdd7 29. Nxf6+ Nxf6 30. Rxf6 g4 31. Rxf7 Qd4+ 32. Qf2 Rxf7 33. Qxd4 cxd4 34. Rxf7 Kxf7 35. Kf2 Kf6 36. c3 dxc3 37. bxc3 a5 38. c4 Ke5 39. Ke3 b6 40. d4+ Kf6 41. Kf4 1-0

[Event "Nachod op 11th"]
[Site "Nachod"]
[Date "2013.07.07"]
[Round "9"]
[White "Stanek, Petr"]
[Black "Kulhanek, Tomas"]
[Result "1/2-1/2"]
[WhiteElo "1880"]
[BlackElo "2346"]
[PlyCount "90"]
[EventDate "2013.06.29"]
[EventType "swiss"]
[EventRounds "9"]
[EventCountry "CZE"]
[SourceTitle "CBM 155 Extra"]
[Source "ChessBase"]
[SourceDate "2013.08.26"]
[SourceVersion "1"]
[SourceVersionDate "2013.08.26"]
[SourceQuality "1"]

1. e4 c5 2. Nf3 Nc6 3. d4 cxd4 4. Nxd4 g6 5. Nc3 Bg7 6. Be3 Nf6 7. Be2 0-0 8. 0-0 d5 9. exd5 Nb4 10. d6 Qxd6 11. Ncb5 Qb8 12. c4 a6 13. Nc3 e5 14. Nc2 Nxc2 15. Qxc2 Be6 16. Rac1 Rc8 17. c5 Bf8 18. b4 a5 19. a3 axb4 20. axb4 b6 21. Rb1 bxc5 22. bxc5 Qc7 23. Nb5 Qc6 24. Rfc1 Bf5 25. Bd3 Bxd3 26. Qxd3 Ng4 27. Nd6 Nxe3 28. fxe3 Rd8 29. Rb6 Rxd6 30. Qxd6 Qe4 31. Qd2 Ra2 32. Rb2 Rxb2 33. Qxb2 Qxe3+ 34. Kf1 Bxc5 35. Qc3 Qxc3 36. Rxc3 Bd4 37. Rc6 Kg7 38. g4 Be3 39. Kg2 f5 40. Kf3 Bg5 41. Rc7+ Kh6 42. Rc6 e4+ 43. Kg3 f4+ 44. Kg2 Bh4 45. Re6 Kg5 1/2-1/2

[Event "Janske Lazne op"]
[Site "Janske Lazne"]
[Date "2013.05.09"]
[Round "4"]
[White "Stanek, Petr"]
[Black "Jina, Lubos"]
[Result "1-0"]
[WhiteElo "1885"]
[BlackElo "1812"]
[PlyCount "69"]
[EventDate "2013.05.07"]
[EventType "swiss"]
[EventRounds "8"]
[EventCountry "CZE"]
[SourceTitle "CBM 154 Extra"]
[Source "ChessBase"]
[SourceDate "2013.06.25"]
[SourceVersion "2"]
[SourceVersionDate "2013.06.25"]
[SourceQuality "1"]

1. e4 c5 2. d3 Nc6 3. g3 e5 4. Nc3 Nf6 5. Bg2 Be7 6. f4 d6 7. Nf3 a6 8. a4 Bd7 9. 0-0 0-0 10. Ne2 Qc7 11. c3 b5 12. axb5 axb5 13. Rxa8 Rxa8 14. h3 Ra6 15. g4 exf4 16. Bxf4 h6 17. Ng3 Ne5 18. d4 Nxf3+ 19. Bxf3 cxd4 20. cxd4 g5 21. Be3 Be6 22. d5 Bd7 23. Be2 Ra8 24. Bd4 Qd8 25. Qb3 Rb8 26. Qf3 Be8 27. Bxf6 Qb6+ 28. Kg2 Bf8 29. Nf5 b4 30. Bd4 Qc7 31. Nxh6+ Bxh6 32. Qf6 Kf8 33. Qxh6+ Ke7 34. Qxg5+ Kd7 35. Rc1 1-0

[Event "Janske Lazne op"]
[Site "Janske Lazne"]
[Date "2013.05.09"]
[Round "5"]
[White "Vojta, Tomas"]
[Black "Stanek, Petr"]
[Result "1-0"]
[WhiteElo "2357"]
[BlackElo "1885"]
[PlyCount "51"]
[EventDate "2013.05.07"]
[EventType "swiss"]
[EventRounds "8"]
[EventCountry "CZE"]
[SourceTitle "CBM 154 Extra"]
[Source "ChessBase"]
[SourceDate "2013.06.25"]
[SourceVersion "2"]
[SourceVersionDate "2013.06.25"]
[SourceQuality "1"]

1. e4 e5 2. Nc3 Nc6 3. f4 d6 4. Nf3 Nf6 5. Bb5 Bd7 6. d3 exf4 7. Bxf4 Be7 8. 0-0 0-0 9. d4 a6 10. Bxc6 Bxc6 11. d5 Bd7 12. Qd3 h6 13. Rae1 Nh5 14. Be3 f5 15. e5 dxe5 16. Nxe5 Bd6 17. Bd4 Qh4 18. g3 Qd8 19. Nxd7 Qxd7 20. Re6 f4 21. g4 Nf6 22. Qg6 Nh7 23. Ne4 Ng5 24. Nxg5 hxg5 25. Rf3 Rf7 26. Rh3 1-0

[Event "Nachod op"]
[Site "Nachod"]
[Date "2012.07.07"]
[Round "8"]
[White "Stanek, Petr"]
[Black "Pribyl, Jaroslav"]
[Result "1-0"]
[WhiteElo "1753"]
[BlackElo "1930"]
[PlyCount "133"]
[EventDate "2012.06.30"]
[EventType "swiss"]
[EventRounds "9"]
[EventCountry "CZE"]
[SourceTitle "CBM 149 Extra"]
[Source "ChessBase"]
[SourceDate "2012.08.24"]
[SourceVersion "1"]
[SourceVersionDate "2012.08.24"]
[SourceQuality "1"]

1. e4 c6 2. Nc3 d5 3. Nf3 dxe4 4. Nxe4 Bg4 5. h3 Bxf3 6. Qxf3 e6 7. c3 Nd7 8. d4 Ngf6 9. Bd3 Nxe4 10. Bxe4 Nf6 11. Bc2 Be7 12. 0-0 Qd5 13. Qxd5 cxd5 14. Ba4+ Nd7 15. Bf4 a6 16. Rfe1 b5 17. Bb3 Nb6 18. a3 Kd7 19. Re2 Nc4 20. Rc2 Rhc8 21. Bd2 Bf6 22. Kf1 Na5 23. Ba2 Nc4 24. Bxc4 bxc4 25. Re1 Rab8 26. Bc1 Rg8 27. Ree2 h5 28. g3 g5 29. Kg1 Be7 30. f3 Bd6 31. Rg2 g4 32. hxg4 hxg4 33. f4 Rh8 34. Rh2 Kc6 35. Kf1 Kb5 36. Ke1 Ka4 37. Kd1 Kb3 38. Rcd2 Rh3 39. Rxh3 gxh3 40. Rh2 Rh8 41. Ke1 f6 42. Kd2 e5 43. Ke3 exf4+ 44. gxf4 Re8+ 45. Kf3 Re1 46. Bd2 Rb1 47. Rxh3 Rxb2 48. Be1 Rb1 49. Bh4 Rf1+ 50. Bf2 Bxf4 51. Ke2 Rc1 52. Be1 Ra1 53. Rf3 Rxa3 54. Rxf4 a5 55. Rf5 Kb2 56. Rxd5 a4 57. Ra5 Ra1 58. d5 Kc2 59. d6 a3 60. Bf2 Rh1 61. Rxa3 Kb2 62. d7 Rh8 63. Bb6 Kxa3 64. d8Q Rxd8 65. Bxd8 f5 66. Ke3 Kb3 67. Bf6 1-0